Statistics for Top 100 US Retailers 2017

Click here to take the quiz!

General Stats

  • This quiz has been taken 171 times
  • The average score is 26 of 100

Answer Stats

RetailerUS HQ% Correct
Wal-MartBentonville, AR
98%
TargetMinneapolis, MN
86%
Sears HoldingsHoffman Estates, IL
76%
Macy'sCincinnati, OH
70%
AmazonSeattle, WA
65%
JC Penney CoPlano, TX
62%
McDonald'sOak Brook, IL
60%
The Home DepotAtlanta, GA
60%
Apple Stores/iTunesCupertino, CA
59%
YUM! BrandsLouisville, KY
56%
The Kroger Co.Cincinnati, OH
55%
CVS CaremarkWoonsocket, RI
54%
Best BuyRichfield, MN
53%
Burger King WorldwideMiami, FL
53%
Lowe's CompaniesMooresville, NC
53%
Walgreens Boots AllianceDeerfield, IL
53%
CostcoIssaquah, WA
50%
TJX CompaniesFramingham, MA
50%
Kohl'sMenomonee Falls, WI
49%
Wendy'sDublin, OH
47%
StarbucksSeattle, WA
43%
NordstromSeattle, WA
41%
GapSan Francisco, CA
39%
Publix Super MarketsLakeland, FL
38%
Whole Foods MarketAustin, TX
37%
7-ElevenDallas, TX
32%
Domino's PizzaAnn Arbor, MI
32%
SubwayMilford, CT
32%
Chick-fil-AAtlanta, GA
30%
Dunkin' Brands GroupCanton, MA
30%
Toys "R" UsWayne, NJ
30%
L BrandsColumbus, OH
29%
AldiBatavia, IL
28%
Dollar TreeChesapeake, VA
28%
Saks Fifth Avenue/Lord & TaylorNew York, NY
27%
Rite AidCamp Hill, PA
26%
DineEquityGlendale, CA
25%
Dollar GeneralGoodlettsville, TN
25%
H&MNew York, NY
25%
Michaels StoresIrving, TX
25%
StaplesFramingham, MA
25%
Foot LockerNew York, NY
24%
Ikea North American Svcs.Conshohocken, PA
24%
Office DepotBoca Raton, FL
24%
Dillard'sLittle Rock, AR
23%
PetSmartPhoenix, AZ
23%
Ross StoresPleasanton, CA
22%
Ace HardwareOak Brook, IL
21%
Albertsons CompaniesBoise, ID
21%
Darden RestaurantsOrlando, FL
21%
Neiman MarcusDallas, TX
21%
CKE RestaurantsCarpinteria, CA
19%
DICK's Sporting GoodsCoraopolis, PA
19%
Petco Animal SuppliesSan Diego, CA
19%
Royal Ahold Delhaize USACarlisle, PA
19%
AT&T WirelessDallas, TX
18%
Verizon WirelessNew York, NY
18%
GameStopGrapevine, TX
17%
Ascena Retail GroupSuffern, NY
16%
BJ's Wholesale ClubWestborough, MA
16%
Burlington Coat FactoryBurlington, NJ
16%
Exxon Mobil CorporationIrving, TX
15%
Jack in the BoxSan Diego, CA
15%
Shell Oil CompanyHouston, TX
15%
Williams-SonomaSan Francisco, CA
15%
MeijerGrand Rapids, MI
14%
MenardEau Claire, WI
14%
Panera Bread CompanySt. Louis, MO
14%
SonicOklahoma City, OK
14%
Ulta Salon, Cosmetics & FragranceBolingbrook, IL
14%
BelkCharlotte, NC
13%
Wegmans Food MarketRochester, NY
12%
Bed Bath & BeyondUnion, NJ
10%
Big LotsColumbus, OH
10%
H-E-B GrocerySan Antonio, TX
10%
Sherwin-WilliamsCleveland, OH
9%
Signet JewelersAkron, OH
8%
Academy Sports + OutdoorsKaty, TX
7%
Alimentation Couche-TardTempe, AZ
7%
Army/Air Force ExchangeDallas, TX
6%
AutoZoneMemphis, TN
6%
Giant EagleO'Hara Township, PA
6%
SUPERVALUEden Prairie, MN
6%
Wakefern/ShopRiteKeasbey, NJ
6%
Hy-VeeWest Des Moines, IA
5%
O'Reilly Auto PartsSpringfield, MO
5%
QVCWest Chester, PA
5%
Tractor Supply Co.Brentwood, TN
5%
True Value Co.Chicago, IL
5%
Save Mart SupermarketsModesto, CA
4%
SpeedwayEnon, OH
4%
Sprouts Farmers MarketPhoenix, AZ
4%
Advance Auto PartsRoanoke, VA
3%
BI-LOJacksonville, FL
3%
WinCo FoodsBoise, ID
3%
AVB BrandsourceTustin, CA
2%
Defense Commissary AgencyFort Lee, VA
2%
Good Neighbor PharmacyChesterbrook, PA
2%
Health Mart SystemsOmaha, NE
2%
Stater Bros. HoldingsSan Bernardino, CA
2%

Score Distribution

Percentile by Number Answered

Percent of People with Each Score

Your Score History

You have not taken this quiz